| 000 | 00890cam a2200313 4500 | ||
|---|---|---|---|
| 008 | 090401t1997 xxu||||| |||| 00| 0 eng d | ||
| 020 | _a1861521952 | ||
| 035 | _a(Sirsi) u79713 | ||
| 041 | _aeng | ||
| 050 | _a333.332026 | ||
| 100 | _aBaum, Andrew | ||
| 245 | _aStatutory valuations. | ||
| 250 | _a3rd ed. | ||
| 260 |
_aLondon _bInternational Thomson Business Press _c1997 |
||
| 300 | _axxvi,275p. ; 24cm. | ||
| 350 | _a18.99 | ||
| 650 | _aPROPERTY-COMMERCIAL PROPERTY | ||
| 650 | _aCOMPENSATION | ||
| 650 |
_aCompulsory purchase _96228 |
||
| 650 | _aLEASEHOLD REFORM | ||
| 650 | _aRENT REVIEWS | ||
| 650 |
_aRESIDENTIAL PROPERTY _96266 |
||
| 650 | _aPROPERTY-RESIDENTIAL PROPERTY-RESIDENTIAL LANDLORD AND TENANT-RESIDENTIAL TENANCIES | ||
| 650 |
_aValuation _96273 |
||
| 690 | _aRATING AND VALUATION | ||
| 700 | _aSams, Gary | ||
| 942 | _n0 | ||
| 948 | _c18/07/1997 | ||
| 999 |
_c96558 _d96558 |
||